000 01039nam a2200289 a 4500
001 000000331
003 000000331
005 20180207085654.0
008 081127s 1967 ag a 000 0 spa d
040 _aBPMSU
_bspa
_cBPMSU
092 _a863.3
_bL431t
245 0 0 _aLa vida de Lazarillo de Tormes y de sus fortunas y adversidades /
_cestudio preliminar y notas de Celina Sabor de Cortazar; edición dirigida por María Hortencia Lacau
250 _a
260 _aBuenos Aires :
_bKapelusz,
_c1967
300 _a136 p.:
_bil.,
_c19 cm.
490 1 _aGrandes obras de la literatura universal
505 0 _tTratado primero. Cuenta Lázaro su vida, y de cuyo hijo fué --
650 4 _aNOVELA ESPAÑOLA
650 4 _aLITERATURA PICARESCA
650 4 _aLITERATURA ESPAÑOLA
700 _4Sabor de Cortazar, Celina
700 _aHortencia Lacau, María
_eed.
830 _l Grandes obras de la literatura universal
942 _2ddc
_cBK
945 _ainventariado, 2018 / dg
956 _aVMATEO
_b10
_c20151215
_lBPMSU
_h00151
999 _c9119
_d9119